[Event "San Sebastian de los Reyes op 15th"]
[Site "San Sebastian"]
[Date "2013.12.03"]
[Round "4"]
[White "Navarro Rodriguez, Jesus"]
[Black "Hidalgo Prado, David"]
[Result "1-0"]
[WhiteElo "1664"]
[BlackElo "1455"]
[PlyCount "39"]
[EventDate "2013.11.30"]
[EventType "swiss"]
[EventRounds "9"]
[EventCountry "ESP"]
[SourceTitle "CBM 157 Extra"]
[Source "ChessBase"]
[SourceDate "2013.12.19"]
[SourceVersion "1"]
[SourceVersionDate "2013.12.19"]
[SourceQuality "1"]

1. e4 e6 2. Nf3 Nf6 3. e5 Nd5 4. d4 d6 5. Bd3 Nd7 6. 0-0 dxe5 7. dxe5 Be7 8. Be4 c6 9. c4 Nc7 10. Qc2 f5 11. exf6 Nxf6 12. Nc3 0-0 13. Be3 Nxe4 14. Nxe4 Ne8 15. Rad1 Qc7 16. Rfe1 Bb4 17. Neg5 Rf5 18. Bd2 Bxd2 19. Rxd2 Qe7 20. Qxf5 1-0

[Event "San Sebastian de los Reyes op 13th"]
[Site "San Sebastian"]
[Date "2011.12.09"]
[Round "8"]
[White "Navarro Rodriguez, Jesus"]
[Black "Alvarez Gonzalez, Eduardo"]
[Result "0-1"]
[WhiteElo "1691"]
[BlackElo "1814"]
[PlyCount "126"]
[EventDate "2011.12.02"]
[EventType "swiss"]
[EventRounds "9"]
[EventCountry "ESP"]
[SourceTitle "CBM 145 Extra"]
[Source "ChessBase"]
[SourceDate "2012.01.03"]
[SourceVersion "1"]
[SourceVersionDate "2012.01.03"]
[SourceQuality "1"]

1. e4 c6 2. Nf3 d5 3. exd5 cxd5 4. d4 Nc6 5. Bb5 Bg4 6. Nc3 e6 7. h3 Bxf3 8. Qxf3 Nf6 9. 0-0 Be7 10. Ne2 0-0 11. c3 a6 12. Bxc6 bxc6 13. Ng3 c5 14. b3 Rc8 15. Qe2 Qb6 16. Be3 Rc6 17. Rac1 Rfc8 18. Qd2 Bd6 19. dxc5 Bxc5 20. Bd4 Bxd4 21. cxd4 h6 22. Rxc6 Qxc6 23. f3 Ne8 24. Qf4 Qc2 25. Rf2 Qb1+ 26. Nf1 Nf6 27. Qd6 Qd3 28. Rd2 Qb5 29. Qe5 Rc1 30. Qe2 Qc6 31. Rd1 Rc2 32. Rd2 Rc3 33. Rd3 Qb5 34. Re3 Qxe2 35. Rxe2 Ne8 36. Kf2 Nd6 37. Re3 Rc2+ 38. Re2 Rc1 39. Ne3 Nb5 40. Rc2 Ra1 41. Rd2 Nc3 42. Kg3 Rxa2 43. Rxa2 Nxa2 44. Kf4 f6 45. h4 g5+ 46. hxg5 hxg5+ 47. Kg4 a5 48. Nc2 Kf7 49. f4 gxf4 50. Kxf4 Nc3 51. g4 Kg6 52. b4 axb4 53. Nxb4 Nb5 54. Nc2 Nxd4 55. Nxd4 e5+ 56. Ke3 exd4+ 57. Kxd4 Kg5 58. Kxd5 Kxg4 59. Ke4 f5+ 60. Ke3 Kg3 61. Ke2 f4 62. Kf1 Kf3 63. Kg1 Ke2 0-1

[Event "San Sebastian de los Reyes op 12th"]
[Site "San Sebastian"]
[Date "2010.12.04"]
[Round "5"]
[White "Navarro Rodriguez, Jesus"]
[Black "Ojosnegros Martin, Angel"]
[Result "1/2-1/2"]
[WhiteElo "1735"]
[BlackElo "1384"]
[PlyCount "80"]
[EventDate "2010.11.30"]
[EventType "swiss"]
[EventRounds "9"]
[EventCountry "ESP"]
[SourceTitle "CBM 139 Extra"]
[Source "ChessBase"]
[SourceDate "2011.01.05"]
[SourceVersion "1"]
[SourceVersionDate "2011.01.05"]
[SourceQuality "1"]

1. e4 e5 2. Nf3 Nc6 3. Bc4 Bc5 4. 0-0 Nf6 5. d3 0-0 6. h3 h6 7. c3 Bb6 8. b4 d6 9. a4 a5 10. b5 Ne7 11. Ba3 c5 12. Qb3 Qc7 13. Nbd2 Bd7 14. Rac1 Qc8 15. d4 Be6 16. dxe5 Bxc4 17. Qxc4 dxe5 18. Nxe5 Qe6 19. Qxe6 fxe6 20. Rce1 Rac8 21. Re2 Ba7 22. Ndf3 b6 23. c4 Rfe8 24. Bb2 Bb8 25. g4 Bxe5 26. Nxe5 Red8 27. f4 Nd7 28. Nf3 Ng6 29. Nh2 Ndf8 30. f5 exf5 31. exf5 Nh8 32. f6 gxf6 33. Rxf6 Rd1+ 34. Kg2 Nhg6 35. Nf3 Rcd8 36. h4 R1d6 37. Rf5 Ne6 38. Bc1 Nd4 39. Nxd4 Rxd4 40. Kg3 Rxc4 1/2-1/2